| 000 | 00498pab a2200169 454500 | ||
|---|---|---|---|
| 008 | 180718b2010 xxu||||| |||| 00| 0 eng d | ||
| 100 | _aNiu, Sunny vin chun | ||
| 245 | _aThe impact of the Texas top 10 percent law on college enrollment: a regression discontinuity approach | ||
| 260 | _c2010 | ||
| 300 | _ap.84-110. | ||
| 362 | _aWinter | ||
| 650 | _aEducational attendence | ||
| 700 | _aTienda, Marta | ||
| 773 | _aJournal of Policy Analysis and Management | ||
| 908 | _aN | ||
| 909 | _a86224 | ||
| 999 |
_c86224 _d86224 |
||